Detalles MARC
| 000 -LEADER |
| fixed length control field |
01205cam a2200241 a 4500 |
| 005 - FECHA ULTIMA MODIFICACION |
| control field |
20240624101004.0 |
| 008 - CAMPO DE CONTROL (LIBRO) |
| fixed length control field |
100707s2002||||sp ||||f |||| 00| 0 spa d |
| 020 ## - INTERNATIONAL STANDARD BOOK NUMBER |
| ISBN |
8481745960 |
| 041 ## - CODIGO DE IDIOMA |
| Código de idioma del texto/pista de sonido o título separado |
spa |
| 092 ## - SIGNATURA TOPOGRAFICA DEWEY LOCAL |
| número de clasificación |
616.89 |
| libristica |
78 |
| sección |
SHE |
| 100 1# - ENTRADA PRINCIPAL--NOMBRE PERSONAL |
| Nombre personal |
Shea, Shawn Christopher. |
| 9 (RLIN) |
1067 |
| 245 #3 - TITULO PROPIAMENTE DICHO |
| Título |
La entrevista psiquiátrica. El arte de comprender. |
| Subtítulo y Título paralelo |
Una guía práctica para Psiquiatras, psicólogos, orientadores, trabajadores sociales, ayudantes técnico sanitarios y otros profesionales de la salud mental / |
| Mención de responsabilidad y remanente de la transcripción de la portada |
Shawn Christopher Shea. |
| 250 ## - MENCION DE EDICION |
| Mención de edición |
2a ed. en español de la obra original en inglés |
| Mención de responsabilidad relacionada con la ed. |
Revisor Roberto Martín Ortiz |
| 260 ## - PIE DE IMPRENTA |
| Lugar de publicación, distribución, etc |
Madrid: |
| Nombre de la editorial, distribuidor, etc |
Elsevier ; Harcourt ; Saunders; |
| Fecha de publicación |
2002. |
| 300 ## - DESCRIPCION FISICA |
| Extension |
759 p. |
| 500 ## - NOTA GENERAL |
| Nota general |
Shea, S. C. (2002). La entrevista psiquiátrica. El arte de comprender. Una guía práctica para Psiquiatras, psicólogos, orientadores, trabajadores sociales, ayudantes técnico sanitarios y otros profesionales de la salud mental. (2a ed.). Madrid : Elsevier ; Harcourt ; Saunders. |
| 653 ## - TÉRMINO INDIZADO - PALABRAS CLAVES |
| Palabra clave |
Fundamentos de la entrevista |
| 653 ## - TÉRMINO INDIZADO - PALABRAS CLAVES |
| Palabra clave |
Entrevista y psicopatología |
| 653 ## - TÉRMINO INDIZADO - PALABRAS CLAVES |
| Palabra clave |
Técnicas avanzadas de entrevista |
| 930 ## - NUMERO DE INVENTARIO |
| Número de inventario |
1249 |
| 930 ## - NUMERO DE INVENTARIO |
| Número de inventario |
1250 |
| 942 ## - ADDED ENTRY ELEMENTS (KOHA) |
| Source of classification or shelving scheme |
Dewey Decimal Classification |
| Item type |
Libros |